| Record ID | marc_records_scriblio_net/part12.dat:74734844:752 |
| Source | Scriblio |
| Download Link | /show-records/marc_records_scriblio_net/part12.dat:74734844:752?format=raw |
LEADER: 00752pam 2200217 a 4500
001 80053147
003 DLC
005 19811014000000.0
008 810403s1981 caua b 00100 eng
010 $a 80053147
020 $a0874771455
050 0 $aCB158$b.M54
082 0 $a303.4$219
245 00 $aMillennium :$bglimpses into the 21st century /$cedited by Alberto Villoldo and Ken Dychtwald.
250 $a1st ed.
260 0 $aLos Angeles :$bJ.P. Tarcher ;$aBoston :$bdistributed by Houghton Mifflin,$cc1981.
300 $axiv, 319 p. :$bill. ;$c23 cm.
504 $aIncludes bibliographical references and index.
650 0 $aTwenty-first century$xForecasts$xAddresses, essays, lectures.
700 10 $aVilloldo, Alberto.
700 10 $aDychtwald, Ken,$d1950-